Droit et pratique de la vente en allemagne contrats, intermédiaires implantation
Kaydedildi:
| Yazar: | |
|---|---|
| Materyal Türü: | Kitap |
| Dil: | Fransızca |
| Baskı/Yayın Bilgisi: |
París
J. Delmas
1974
|
| Seri Bilgileri: | Ce qu'il vous Faut Savoir
|
| Konular: | |
| Etiketler: |
Etiketle
Etiket eklenmemiş, İlk siz ekleyin!
|
MARC
| LEADER | 00000nam a2200000 a 4500 | ||
|---|---|---|---|
| 001 | UCS2042 | ||
| 003 | CL-VaPUC | ||
| 008 | 970516e19740000FR |||||||||||||||||fre|d | ||
| 082 | 0 | 4 | |a 346.072 |b WEN |2 21 |
| 100 | 0 | |a Wenner, Wolfgang |e author |9 387056 | |
| 245 | 1 | 0 | |a Droit et pratique de la vente en allemagne contrats, intermédiaires implantation |
| 300 | |a 304 p | ||
| 942 | |c BK | ||
| 945 | |d 19970516 00:00:00 |a paguirre | ||
| 260 | |a París |b J. Delmas |c 1974 | ||
| 650 | 0 | |a Derecho comercial |9 256340 | |
| 650 | 0 | |a Compraventa |9 255413 | |
| 650 | 0 | |a Contratos |9 255153 | |
| 650 | 7 | |a PAGO |2 CL-VaPUC |9 369429 | |
| 650 | 0 | |a Precios |9 260787 | |
| 651 | 0 | |a Alemania |9 255688 | |
| 583 | |a last modification |c 19970516 00:00:00 |k Rodrigo Vera | ||
| 490 | 0 | |a Ce qu'il vous Faut Savoir | |
| 999 | |c 260040 |d 260038 | ||
| 952 | |0 0 |1 0 |4 0 |6 346_072000000000000_WEN_1974 |7 0 |8 A |9 285615 |a BIBDER |b BIBDER |d 2019-11-19 |i 1855611 |o 346.072 WEN 1974 |p 1855611 |r 2023-01-25 |w 2019-11-19 |y BK |k DER | ||